K League 1 2025 First XI - Statistics

General Stats
  • This quiz has been taken 9 times
  • The average score is 83 of 132
Answer Stats
Club Position Nationality Player % Correct
Sangju Sangmu CM Kim Bongsoo
100%
FC Anyang GK Kim Da-sol
100%
Sangju Sangmu GK Kim Dongheon
100%
Gangwon CM Kim Donghyun
100%
FC Anyang LB Kim Dong-jin
100%
Jeju United GK Kim Dong-jun
100%
Gwangju FC RM Kim Hangil
100%
Daejeon Citizen FC CB Kim Hyunwoo
100%
FC Anyang CM Kim Jeong-Hyun
100%
Gwangju FC RB Kim Jinho
100%
FC Seoul LB Kim Jin-su
100%
Pohang CM Kim Jongwoo
100%
Jeju United AM Kim Junha
100%
FC Seoul CB Kim Jusung
100%
Suwon FC AM Kim Juyeop
100%
Jeju United DM Kim Keon-woong
100%
Gwangju FC GK Kim Kyeong-min
100%
Ulsan Hyundai CM Kim Min-hyeok
100%
Gangwon RM Kim Minjun
100%
Jeju United LB Kim Ryunseong
100%
Sangju Sangmu LM Kim Seungsub
100%
Suwon FC CB Kim Taehan
100%
Jeonbuk Hyundai RB Kim Tae-hwan
100%
Jeonbuk Hyundai CB Kim Young-bin
100%
Ulsan Hyundai CB Kim Young-gwon
100%
FC Seoul DM Ki Sung-yueng
100%
Daejeon Citizen FC GK Lee Chang-keun
100%
FC Anyang CB Lee Chang-yong
100%
Ulsan Hyundai FW Lee Chung-yong
100%
Sangju Sangmu FW Lee Donggyeong
100%
Pohang CB Lee Donghee
100%
Gangwon CB Lee Gihyuk
100%
Gangwon GK Lee Gwangyeon
100%
Pohang FW Lee Hojae
100%
Ulsan Hyundai CM Lee Huigyun
100%
Suwon FC DM Lee Jaewon
100%
Gangwon LM Lee Jiho
100%
Ulsan Hyundai CM Lee Jin-hyun
100%
Gwangju FC CM Lee Kanghyun
100%
Gwangju FC LB Lee Min-ki
100%
Gangwon FW Lee Sang-heon
100%
Sangju Sangmu RM Lee Seungwon
100%
Jeonbuk Hyundai CM Lee Seung-woo
100%
Daejeon Citizen FC CM Lee Soonmin
100%
FC Anyang RB Lee Tae-hee
100%
Pohang LB Lee Taeseok
100%
Jeonbuk Hyundai CM Lee Yeong-jae
100%
Suwon FC RB Lee Yong
100%
Gangwon CM Lee You-hyeon
100%
FC Seoul GK Kang Hyeon-mu
86%
FC Anyang LM Kang Jihoon
86%
Gangwon RB Kang Junhyuk
86%
Ulsan Hyundai LB Kang Sang-woo
86%
Daejeon Citizen FC RB Kang Yun-seong
86%
Daegu RB Hwang Jaewon
71%
Sangju Sangmu CB Park Chan-yong
71%
Jeju United FW Park Dong-jin
71%
Gwangju FC FW Park In-hyeok
71%
Gwangju FC LM Park Jeongin
71%
Jeonbuk Hyundai CB Park Jinseob
71%
Daegu CB Park Jinyoung
71%
Daejeon Citizen FC LB Park Kyuhyun
71%
Sangju Sangmu CB Park Seungwook
71%
Sangju Sangmu RB Park Sooil
71%
Jeonbuk Hyundai GK Song Bumkeun
71%
Jeju United CB Song Ju-hun
71%
Jeonbuk Hyundai FW Song Minkyu
71%
Sangju Sangmu LB Cho Hyuntaek
57%
FC Seoul RB Choi Jun
57%
Suwon FC AM Choi San
57%
FC Seoul FW Cho Youngwook
57%
Jeonbuk Hyundai FW Jeon Jinwoo
57%
Pohang CB Jeon Min-gwang
57%
Daegu FW Jung Chiin
57%
Gwangju FC CB Min Sang-gi
57%
Jeju United AM Yu In-soo
57%
Sangju Sangmu FW Yu Kanghyun
57%
Pohang RM An Jaejun
43%
Jeju United RB An Tae-hyun
43%
Daejeon Citizen FC LM Choi Geonju
43%
Suwon FC CB Choi Kyu-baek
43%
Jeonbuk Hyundai LB Choi Woojin
43%
Daegu FW Jeong Jaesang
43%
FC Seoul DM Jeong Seungwon
43%
Daegu LB Jeong Woo-jae
43%
FC Seoul AM Jesse Lingard
43%
Ulsan Hyundai GK Moon Jungin
43%
Gwangju FC CM Moon Minseo
43%
FC Seoul AM Moon Seon-min
43%
FC Seoul CB Yazan Al Arab
43%
Daejeon Citizen FC CB Anton Krivotsyuk
29%
FC Anyang FW Bruno Mota
29%
Daegu CM Cesinha
29%
Daegu FW Han Jongmu
29%
FC Anyang CM Han Karam
29%
Jeonbuk Hyundai CM Han Kook-young
29%
Ulsan Hyundai FW Heo Yool
29%
Gangwon LB Hong Chul
29%
Suwon FC FW Ji Dong-won
29%
Daejeon Citizen FC FW Joo Minkyu
29%
Jeju United CB Lim Chaimin
29%
Jeju United AM Nam Tae-hee
29%
Pohang CM Oberdan
29%
Daegu GK Oh Seung-hoon
29%
Suwon FC LB Seo Jaemin
29%
Sangju Sangmu CM Seo Minwoo
29%
Ulsan Hyundai CB Seo Myungguan
29%
Daejeon Citizen FC CM Victor Bobsin
29%
Pohang FW Wanderson
29%
Ulsan Hyundai FW Yoon Jaeseok
29%
Ulsan Hyundai RB Yoon Jong-gyu
29%
Pohang GK Yoon Pyungguk
29%
Suwon FC GK Ahn Joon-soo
14%
Gwangju FC CB Ahn Young-kyu
14%
Suwon FC AM Anderson
14%
Jeonbuk Hyundai FW Andrea Compagno
14%
Daegu CM Bruno Lamas
14%
Daegu CB Caio Marcelo
14%
FC Anyang RM Chae Hyeonu
14%
Gwangju FC FW Isnairo Reis
14%
Jeju United DM Italo
14%
Pohang LM Juninho Rocha
14%
Daejeon Citizen FC RM Kelvin
14%
Daegu CM Kyohei Yoshino
14%
FC Seoul AM Lucas
14%
Gangwon CB Marko Tuci
14%
Daejeon Citizen FC FW Masatoshi Ishida
14%
FC Anyang FW Matheus Oliveira Santos
14%
Suwon FC DM Roh Kyungho
14%
Pohang RB Shin Kwang-hoon
14%
FC Anyang CB Thomas Oude Kotte
14%
Gangwon FW Vitor Gabriel
14%
No matching quizzes found
Score Distribution
Percent of People with Each Score
Percentile by Number Answered
Your Score History
You have not taken this quiz